|
|
|
|
| LEADER |
00000nab a2200000ua 4500 |
| 001 |
vtls010794540 |
| 003 |
SK-MaSNL |
| 005 |
20260303152339.0 |
| 008 |
230222s1987 xo |||||||||||||||||slo| |
| 035 |
|
|
|a (urnnbn)urn:nbn:sk:snk:ar-a007fl
|
| 035 |
|
|
|a (uuid)92cbc4bc-cb4e-48c7-8b28-b6a6da03fdb3
|
| 035 |
|
|
|a urn:nbn:sk:snk-ab45n5
|
| 040 |
|
|
|a SNKBUCL
|b slo
|c SNKBUCL
|e AACR2
|
| 041 |
0 |
|
|a slo
|
| 044 |
|
|
|a xo
|c SK
|
| 100 |
1 |
|
|a Chovancová, Darina,
|d 1956-
|4 aut
|9 211660
|
| 245 |
1 |
0 |
|a NAŠE DIEŤA MÁ HNAČKU
|c Darina Chovancová
|
| 650 |
0 |
7 |
|a hnačka
|2 SNKPH
|9 16274
|
| 650 |
0 |
7 |
|a deti
|2 SNKPH
|9 773
|
| 773 |
0 |
|
|t Rodina a škola
|g Roč. 34, č. 6 (1987), s. 26-27
|
| 954 |
|
|
|a odborná, vedecká literatúra pôvodná (slovenská)
|2 lita
|
| 958 |
|
|
|a OND
|
| 958 |
|
|
|a EUIPO
|
| 958 |
|
|
|a article3
|
| 999 |
|
|
|c 2022913
|d 2024843
|